Rychlá Matematika - Dvojité to Číslo! - Statistics

General Stats
  • This quiz has been taken 1 506 times
  • The average score is 11 of 20
Answer Stats
číslo dvojník % Correct
502 1004
100%
504 1008
100%
51 102
100%
533 1066
100%
560 1120
100%
593 1186
100%
6 12
100%
600 1200
100%
603 1206
100%
621 1242
100%
64 128
100%
673 1346
100%
68 136
100%
7 14
100%
70 140
100%
700 1400
100%
705 1410
100%
71 142
100%
737 1474
100%
755 1510
100%
760 1520
100%
8 16
100%
800 1600
100%
81 162
100%
813 1626
100%
820 1640
100%
900 1800
100%
903 1806
100%
91 182
100%
106 212
100%
122 244
100%
125 250
100%
129 258
100%
13 26
100%
130 260
100%
139 278
100%
144 288
100%
15 30
100%
150 300
100%
151 302
100%
17 34
100%
19 38
100%
20 40
100%
212 424
100%
215 430
100%
219 438
100%
241 482
100%
25 50
100%
26 52
100%
288 576
100%
298 596
100%
312 624
100%
33 66
100%
333 666
100%
336 672
100%
354 708
100%
36 72
100%
410 820
100%
411 822
100%
416 832
100%
42 84
100%
420 840
100%
430 860
100%
44 88
100%
444 888
100%
45 90
100%
457 914
100%
48 96
100%
802 1604
91%
84 168
91%
223 446
91%
24 48
91%
908 1816
90%
99 198
90%
102 204
90%
114 228
90%
220 440
90%
304 608
90%
442 884
90%
54 108
89%
103 206
89%
111 222
89%
120 240
89%
211 422
89%
404 808
89%
60 120
88%
86 172
88%
915 1830
88%
95 190
88%
10 20
88%
11 22
88%
159 318
88%
174 348
88%
192 384
88%
222 444
88%
310 620
88%
480 960
88%
253 506
87%
50 100
86%
507 1014
86%
58 116
86%
610 1220
86%
62 124
86%
708 1416
86%
724 1448
86%
90 180
86%
12 24
86%
141 282
86%
209 418
86%
217 434
86%
30 60
86%
414 828
86%
470 940
86%
807 1614
85%
511 1022
83%
520 1040
83%
65 130
83%
73 146
83%
790 1580
83%
910 1820
83%
92 184
83%
113 226
83%
119 238
83%
133 266
83%
14 28
83%
160 320
83%
325 650
83%
326 652
83%
328 656
83%
341 682
83%
351 702
83%
364 728
83%
373 746
83%
449 898
83%
450 900
83%
461 922
83%
104 208
82%
116 232
82%
311 622
82%
518 1036
80%
608 1216
80%
701 1402
80%
742 1484
80%
832 1664
80%
912 1824
80%
109 218
80%
112 224
80%
157 314
80%
236 472
80%
280 560
80%
306 612
80%
324 648
80%
35 70
80%
43 86
80%
49 98
80%
23 46
79%
590 1180
78%
601 1202
78%
722 1444
78%
843 1686
78%
9 18
78%
101 202
78%
115 230
78%
204 408
78%
22 44
78%
260 520
78%
27 54
78%
307 614
78%
322 644
78%
402 804
78%
417 834
78%
422 844
78%
78 156
77%
907 1814
77%
5 10
75%
500 1000
75%
521 1042
75%
525 1050
75%
55 110
75%
552 1104
75%
57 114
75%
61 122
75%
627 1254
75%
66 132
75%
704 1408
75%
715 1430
75%
736 1472
75%
741 1482
75%
831 1662
75%
991 1982
75%
100 200
75%
107 214
75%
118 236
75%
121 242
75%
168 336
75%
18 36
75%
180 360
75%
208 416
75%
21 42
75%
221 442
75%
229 458
75%
233 466
75%
237 474
75%
240 480
75%
250 500
75%
31 62
75%
316 632
75%
317 634
75%
330 660
75%
335 670
75%
358 716
75%
38 76
75%
421 842
75%
425 850
75%
433 866
75%
438 876
75%
440 880
75%
721 1442
73%
242 484
73%
390 780
73%
513 1026
71%
543 1086
71%
545 1090
71%
605 1210
71%
727 1454
71%
847 1694
71%
94 188
71%
108 216
71%
128 256
71%
134 268
71%
201 402
71%
207 414
71%
227 454
71%
228 456
71%
251 502
71%
270 540
71%
303 606
71%
321 642
71%
352 704
71%
353 706
71%
399 798
71%
426 852
71%
431 862
71%
553 1106
70%
622 1244
70%
74 148
70%
197 394
70%
432 864
70%
195 390
69%
305 610
69%
517 1034
67%
526 1052
67%
53 106
67%
530 1060
67%
535 1070
67%
550 1100
67%
557 1114
67%
564 1128
67%
591 1182
67%
616 1232
67%
618 1236
67%
631 1262
67%
641 1282
67%
644 1288
67%
651 1302
67%
661 1322
67%
725 1450
67%
733 1466
67%
759 1518
67%
76 152
67%
770 1540
67%
80 160
67%
805 1610
67%
818 1636
67%
824 1648
67%
848 1696
67%
861 1722
67%
878 1756
67%
88 176
67%
896 1792
67%
901 1802
67%
905 1810
67%
917 1834
67%
919 1838
67%
922 1844
67%
990 1980
67%
105 210
67%
110 220
67%
135 270
67%
137 274
67%
140 280
67%
148 296
67%
163 326
67%
170 340
67%
172 344
67%
178 356
67%
181 362
67%
185 370
67%
199 398
67%
200 400
67%
202 404
67%
218 436
67%
232 464
67%
235 470
67%
243 486
67%
244 488
67%
254 508
67%
256 512
67%
258 516
67%
271 542
67%
273 546
67%
284 568
67%
301 602
67%
314 628
67%
370 740
67%
382 764
67%
397 794
67%
401 802
67%
403 806
67%
405 810
67%
406 812
67%
423 846
67%
427 854
67%
443 886
67%
451 902
67%
47 94
67%
497 994
67%
664 1328
64%
123 246
64%
190 380
64%
347 694
64%
570 1140
63%
602 1204
63%
606 1212
63%
607 1214
63%
656 1312
63%
723 1446
63%
776 1552
63%
801 1602
63%
83 166
63%
840 1680
63%
85 170
63%
852 1704
63%
890 1780
63%
920 1840
63%
930 1860
63%
970 1940
63%
988 1976
63%
126 252
63%
145 290
63%
164 328
63%
165 330
63%
205 410
63%
275 550
63%
32 64
63%
329 658
63%
356 712
63%
39 78
63%
419 838
63%
439 878
63%
452 904
63%
456 912
63%
46 92
63%
29 58
62%
510 1020
60%
515 1030
60%
541 1082
60%
544 1088
60%
56 112
60%
563 1126
60%
580 1160
60%
612 1224
60%
633 1266
60%
650 1300
60%
671 1342
60%
719 1438
60%
75 150
60%
766 1532
60%
808 1616
60%
810 1620
60%
815 1630
60%
816 1632
60%
842 1684
60%
854 1708
60%
881 1762
60%
902 1804
60%
904 1808
60%
937 1874
60%
944 1888
60%
952 1904
60%
96 192
60%
117 234
60%
183 366
60%
213 426
60%
245 490
60%
249 498
60%
265 530
60%
266 532
60%
272 544
60%
281 562
60%
290 580
60%
315 630
60%
320 640
60%
334 668
60%
344 688
60%
372 744
60%
383 766
60%
41 82
60%
415 830
60%
418 836
60%
466 932
60%
472 944
60%
490 980
60%
595 1190
58%
614 1228
58%
670 1340
58%
89 178
58%
259 518
58%
339 678
58%
342 684
58%
359 718
58%
434 868
58%
508 1016
57%
514 1028
57%
52 104
57%
527 1054
57%
532 1064
57%
571 1142
57%
604 1208
57%
609 1218
57%
636 1272
57%
647 1294
57%
663 1326
57%
67 134
57%
714 1428
57%
732 1464
57%
735 1470
57%
740 1480
57%
752 1504
57%
77 154
57%
98 196
57%
158 316
57%
16 32
57%
216 432
57%
252 504
57%
313 626
57%
331 662
57%
355 710
57%
366 732
57%
394 788
57%
400 800
57%
413 826
57%
531 1062
56%
542 1084
56%
547 1094
56%
599 1198
56%
635 1270
56%
652 1304
56%
706 1412
56%
710 1420
56%
720 1440
56%
769 1538
56%
809 1618
56%
855 1710
56%
860 1720
56%
927 1854
56%
93 186
56%
950 1900
56%
961 1922
56%
149 298
56%
182 364
56%
198 396
56%
238 476
56%
276 552
56%
309 618
56%
337 674
56%
362 724
56%
441 882
56%
519 1038
55%
692 1384
55%
828 1656
55%
836 1672
55%
155 310
55%
173 346
55%
300 600
55%
345 690
55%
391 782
55%
478 956
55%
914 1828
54%
929 1858
54%
495 990
54%
509 1018
50%
512 1024
50%
522 1044
50%
529 1058
50%
551 1102
50%
555 1110
50%
556 1112
50%
559 1118
50%
577 1154
50%
581 1162
50%
582 1164
50%
585 1170
50%
596 1192
50%
598 1196
50%
611 1222
50%
613 1226
50%
626 1252
50%
63 126
50%
632 1264
50%
640 1280
50%
645 1290
50%
674 1348
50%
680 1360
50%
69 138
50%
690 1380
50%
699 1398
50%
702 1404
50%
711 1422
50%
713 1426
50%
717 1434
50%
731 1462
50%
744 1488
50%
747 1494
50%
748 1496
50%
749 1498
50%
750 1500
50%
751 1502
50%
757 1514
50%
765 1530
50%
780 1560
50%
783 1566
50%
79 158
50%
793 1586
50%
803 1606
50%
812 1624
50%
814 1628
50%
817 1634
50%
834 1668
50%
841 1682
50%
853 1706
50%
857 1714
50%
870 1740
50%
877 1754
50%
880 1760
50%
909 1818
50%
916 1832
50%
925 1850
50%
931 1862
50%
949 1898
50%
993 1986
50%
994 1988
50%
124 248
50%
136 272
50%
143 286
50%
156 312
50%
161 322
50%
162 324
50%
166 332
50%
167 334
50%
203 406
50%
210 420
50%
214 428
50%
230 460
50%
255 510
50%
262 524
50%
287 574
50%
293 586
50%
299 598
50%
323 646
50%
327 654
50%
34 68
50%
350 700
50%
374 748
50%
381 762
50%
385 770
50%
393 786
50%
395 790
50%
408 816
50%
409 818
50%
445 890
50%
448 896
50%
455 910
50%
460 920
50%
464 928
50%
471 942
50%
482 964
50%
485 970
50%
496 992
50%
499 998
50%
662 1324
47%
534 1068
46%
913 1826
46%
308 616
46%
412 824
46%
503 1006
45%
536 1072
45%
569 1138
45%
576 1152
45%
946 1892
45%
186 372
45%
437 874
45%
528 1056
44%
639 1278
44%
655 1310
44%
660 1320
44%
863 1726
44%
911 1822
44%
958 1916
44%
194 388
44%
269 538
44%
319 638
44%
365 730
44%
424 848
44%
428 856
44%
435 870
44%
505 1010
43%
506 1012
43%
572 1144
43%
597 1194
43%
615 1230
43%
634 1268
43%
653 1306
43%
672 1344
43%
675 1350
43%
676 1352
43%
712 1424
43%
791 1582
43%
858 1716
43%
872 1744
43%
894 1788
43%
899 1798
43%
936 1872
43%
939 1878
43%
942 1884
43%
97 194
43%
132 264
43%
154 308
43%
176 352
43%
247 494
43%
264 528
43%
291 582
43%
318 636
43%
360 720
43%
363 726
43%
37 74
43%
376 752
43%
40 80
43%
454 908
43%
483 966
43%
643 1286
42%
657 1314
42%
811 1622
42%
838 1676
42%
501 1002
40%
523 1046
40%
548 1096
40%
587 1174
40%
59 118
40%
620 1240
40%
677 1354
40%
681 1362
40%
682 1364
40%
697 1394
40%
756 1512
40%
799 1598
40%
826 1652
40%
830 1660
40%
845 1690
40%
850 1700
40%
873 1746
40%
892 1784
40%
947 1894
40%
960 1920
40%
992 1984
40%
177 354
40%
206 412
40%
263 526
40%
274 548
40%
283 566
40%
289 578
40%
297 594
40%
361 722
40%
459 918
40%
473 946
40%
491 982
40%
492 984
40%
549 1098
38%
558 1116
38%
630 1260
38%
637 1274
38%
642 1284
38%
646 1292
38%
649 1298
38%
667 1334
38%
707 1414
38%
797 1594
38%
823 1646
38%
849 1698
38%
895 1790
38%
923 1846
38%
951 1902
38%
955 1910
38%
974 1948
38%
980 1960
38%
179 358
38%
225 450
38%
261 522
38%
296 592
38%
392 784
38%
469 938
38%
498 996
38%
566 1132
36%
763 1526
36%
825 1650
36%
954 1908
36%
138 276
36%
152 304
36%
239 478
36%
378 756
36%
538 1076
33%
539 1078
33%
540 1080
33%
546 1092
33%
554 1108
33%
573 1146
33%
579 1158
33%
586 1172
33%
617 1234
33%
623 1246
33%
624 1248
33%
628 1256
33%
629 1258
33%
693 1386
33%
716 1432
33%
718 1436
33%
726 1452
33%
728 1456
33%
730 1460
33%
761 1522
33%
773 1546
33%
775 1550
33%
777 1554
33%
782 1564
33%
784 1568
33%
789 1578
33%
794 1588
33%
804 1608
33%
821 1642
33%
822 1644
33%
851 1702
33%
865 1730
33%
869 1738
33%
876 1752
33%
883 1766
33%
885 1770
33%
906 1812
33%
928 1856
33%
933 1866
33%
935 1870
33%
953 1906
33%
957 1914
33%
963 1926
33%
975 1950
33%
977 1954
33%
981 1962
33%
147 294
33%
169 338
33%
171 342
33%
193 386
33%
226 452
33%
234 468
33%
268 536
33%
279 558
33%
282 564
33%
340 680
33%
343 686
33%
346 692
33%
369 738
33%
375 750
33%
379 758
33%
380 760
33%
429 858
33%
453 906
33%
463 926
33%
474 948
33%
489 978
33%
386 772
31%
584 1168
30%
619 1238
30%
683 1366
30%
806 1612
30%
829 1658
30%
856 1712
30%
867 1734
30%
871 1742
30%
918 1836
30%
969 1938
30%
191 382
30%
285 570
30%
516 1032
29%
537 1074
29%
561 1122
29%
589 1178
29%
592 1184
29%
638 1276
29%
658 1316
29%
679 1358
29%
698 1396
29%
795 1590
29%
819 1638
29%
862 1724
29%
864 1728
29%
940 1880
29%
962 1924
29%
987 1974
29%
131 262
29%
384 768
29%
388 776
29%
447 894
29%
465 930
29%
493 986
29%
665 1330
27%
778 1556
27%
945 1890
27%
966 1932
27%
257 514
27%
494 988
27%
524 1048
25%
565 1130
25%
686 1372
25%
696 1392
25%
703 1406
25%
709 1418
25%
738 1476
25%
758 1516
25%
798 1596
25%
833 1666
25%
839 1678
25%
844 1688
25%
87 174
25%
934 1868
25%
941 1882
25%
943 1886
25%
959 1918
25%
964 1928
25%
967 1934
25%
968 1936
25%
972 1944
25%
224 448
25%
248 496
25%
278 556
25%
407 814
25%
446 892
25%
458 916
25%
462 924
25%
481 962
25%
984 1968
23%
294 588
23%
689 1378
22%
745 1490
22%
884 1768
22%
983 1966
22%
989 1978
22%
277 554
22%
583 1166
20%
648 1296
20%
659 1318
20%
669 1338
20%
678 1356
20%
729 1458
20%
764 1528
20%
827 1654
20%
846 1692
20%
875 1750
20%
888 1776
20%
938 1876
20%
978 1956
20%
979 1958
20%
127 254
20%
142 284
20%
175 350
20%
184 368
20%
187 374
20%
188 376
20%
231 462
20%
338 676
20%
348 696
20%
349 698
20%
371 742
20%
377 754
20%
387 774
20%
398 796
20%
477 954
20%
874 1748
18%
898 1796
18%
476 952
18%
575 1150
17%
578 1156
17%
654 1308
17%
743 1486
17%
762 1524
17%
785 1570
17%
786 1572
17%
926 1852
17%
292 584
17%
368 736
17%
467 934
17%
468 936
17%
487 974
17%
594 1188
14%
668 1336
14%
684 1368
14%
687 1374
14%
691 1382
14%
754 1508
14%
971 1942
14%
973 1946
14%
982 1964
14%
475 950
14%
486 972
14%
574 1148
13%
588 1176
13%
734 1468
13%
781 1562
13%
837 1674
13%
985 1970
13%
332 664
13%
389 778
13%
666 1332
11%
739 1478
11%
772 1544
11%
774 1548
11%
779 1558
11%
796 1592
11%
882 1764
11%
479 958
11%
868 1736
10%
887 1774
10%
768 1536
7%
562 1124
0%
567 1134
0%
568 1136
0%
625 1250
0%
685 1370
0%
688 1376
0%
694 1388
0%
695 1390
0%
72 144
0%
746 1492
0%
753 1506
0%
767 1534
0%
771 1542
0%
787 1574
0%
788 1576
0%
792 1584
0%
82 164
0%
835 1670
0%
859 1718
0%
866 1732
0%
879 1758
0%
886 1772
0%
889 1778
0%
891 1782
0%
893 1786
0%
897 1794
0%
921 1842
0%
924 1848
0%
932 1864
0%
948 1896
0%
956 1912
0%
965 1930
0%
976 1952
0%
986 1972
0%
146 292
0%
153 306
0%
189 378
0%
196 392
0%
246 492
0%
267 534
0%
28 56
0%
286 572
0%
295 590
0%
302 604
0%
357 714
0%
367 734
0%
396 792
0%
436 872
0%
484 968
0%
488 976
0%
No matching quizzes found
Score Distribution
Percent of People with Each Score
Percentile by Number Answered
Your Score History
You have not taken this quiz